000 00847cab a2200253 4500
001 WB3415-41
008 090401t1998 xxu||||| |||| 00| 0 eng d
035 _a(Sirsi) u85747
041 _aeng
245 _aHousing market progress
260 _c1998
350 _a0
490 _aRICS Press Release
_v(pr46.hms) 20 April 1998, (3)
520 _aThe March Budget had little impact on the housing market, and if interest rates remain stable, gradual growth will continue in the market, according to the RICS survey, first quarter.
650 _aBUDGET 1998
650 _aBUDGET
650 _aHOUSING MARKET
650 _aINTEREST RATES
650 _aRICS HOUSING MARKET SURVEY ENGLAND AND WALES
650 _aRICS SURVEY
690 _aPROPERTY-RESIDENTIAL PROPERTY-RESIDENTIAL PROPERTY MARKET
942 _n0
948 _c22/04/1998
999 _c53941
_d53941